| 000 | 01201nas a2200325 4500 | ||
|---|---|---|---|
| 001 | BR2013002851 | ||
| 003 | BR-BrBNA | ||
| 005 | 20231205122202.0 | ||
| 007 | ta | ||
| 008 | 230509b bl.|||p| |||| 00| 00por d | ||
| 040 |
_aBR-BrBNA _bpor _cBiblioteca Nacional de Agricultura |
||
| 041 | _a(Pt) | ||
| 072 | _aF06 | ||
| 100 | 1 | _aKoetz, M. | |
| 100 | 1 | _aCarvalho, J. de A. | |
| 100 | 1 | _aSousa, A.M.G. de | |
| 100 | 1 | _aSouza, K.J. de | |
| 245 | 1 | _aQualidade de frutos do maracujazeiro-amarelo em ambiente protegido e natural produzidos sob diferentes regimes de irrigação | |
| 246 | 1 | _aFruit quality of yellow passion fruit in protecting and opened environment under different irrigation depths | |
| 650 | _aMARACUJÁ | ||
| 650 | _aPASSIFLORA EDULIS FLAVICARPA | ||
| 650 | _aIRRIGAÇÃO POR GOTEJAMENTO | ||
| 650 | _aFRUTO | ||
| 650 | _aQUALIDADE | ||
| 650 | _aRESPOSTA DA PLANTA | ||
| 773 | 0 |
_tRevista Brasileira de Agricultura Irrigada (Brazil) _xISSN 1982-7679 _g(2010), v. 4(2) p. 115-127 _wBR2013002851 |
|
| 856 | 4 | 0 | _uhttp://www.inovagri.com.br/wp-content/uploads/2010/07/v.4-n.2-p.115-127_Koetz_et_al..pdf |
| 909 |
_a202311 _bLúcia _c55 _dLúcia Elande |
||
| 942 |
_2AGRIS _n0 _cANA |
||
| 999 |
_c227346 _d227346 |
||